000 00390cam a2200157ua 4500
003 OSt
008 250823b |||||||| |||| 00| 0 eng d
041 _aeng
082 _a628
_bDES/TE
100 _aDeshpande, R S .
245 _aText book of sanitary engineering, vol-1,2 /
250 _a4 /
260 _aPoona :
_bUnited Book Corporation ,
_c1963.
300 _a456 ; .
942 _cBK
999 _c8706
_d8706